00482 a2200133 4500001001000000005001700010008004100027245013300068100002100201700002600222700001600248700001700264773006700281ART_1268720260410161908.0260409a 10aEconometric modelling of the aggregate time-series relationship between consumers´ expenditure and income in the united kingdom1 aHendry, David F.1 aDavidson, James E. H.1 aSrba, Frank1 aYeo, Stephen0 tThe Economic Journalg- Vol. 88, Nº 352 (dic. 1978)wREV12512